Bible Readings : (Record no. 20412)

MARC details
000 -LEADER
fixed length control field 00338nam a22001217a 4500
008 - FIXED-LENGTH DATA ELEMENTS--GENERAL INFORMATION
fixed length control field 231124b |||||||| |||| 00| 0 eng d
020 ## - INTERNATIONAL STANDARD BOOK NUMBER
International Standard Book Number 0816309634
050 ## - LIBRARY OF CONGRESS CALL NUMBER
Classification number BS390
Item number .B53 1990 c.1
245 ## - TITLE STATEMENT
Title Bible Readings :
Remainder of title bible questions answered
260 ## - PUBLICATION, DISTRIBUTION, ETC. (IMPRINT)
Place of publication, distribution, etc. Columbia
Name of publisher, distributor, etc. Better living publications
Date of publication, distribution, etc. 2020
300 ## - PHYSICAL DESCRIPTION
Extent 332p.
942 ## - ADDED ENTRY ELEMENTS (KOHA)
Source of classification or shelving scheme Library of Congress Classification
Koha item type General Collection
Holdings
Withdrawn status Lost status Source of classification or shelving scheme Not for loan Home library Current library Date acquired Cost, normal purchase price Total Checkouts Full call number Barcode Date last seen Price effective from Koha item type
    Library of Congress Classification   Kabarak, Main Campus Kabarak, Main Campus 24/11/2023 900.00   BS390 .B53 1990 c.1 34279 02/08/2024 24/11/2023 General Collection
Designed with assistance from East African Informatics Ltd